Statistiques concernant NBA 2K24 Equipes All-Time

Cliquez ici pour prendre le quiz!

Statistiques générales

  • Ce quiz a été pris 205 fois
  • Le résultat moyen est 73 sur 150

Statistiques - réponses

FranchiseNoteJoueurs% Correct
Heat99LeBron James
95%
Cavaliers99LeBron James
95%
Thunder97Kevin Durant
91%
Nets96Kevin Durant
91%
Warriors97Kevin Durant
91%
Bulls99Michael Jordan
91%
Warriors97Stephen Curry
91%
Spurs94Tony Parker
90%
Lakers98Shaquille O'Neal
88%
Magic93Shaquille O'Neal
88%
Lakers97Jerry West
87%
Lakers98Kobe Bryant
87%
Spurs98Tim Duncan
87%
Bucks97Giannis Antetokounmpo
85%
Nets89James Harden
85%
Rockets95James Harden
85%
Thunder95Russell Westbrook
85%
Warriors98Wilt Chamberlain
85%
76ers95Joel Embiid
83%
Raptors96Kawhi Leonard
83%
Spurs94Kawhi Leonard
83%
Clippers95Kawhi Leonard
83%
Mavericks93Luka Doncic
83%
Bulls97Scottie Pippen
83%
Heat97Dwayne Wade
82%
Cavaliers94Kyrie Irving
82%
76ers96Allen Iverson
81%
Celtics98Larry Bird
81%
Bucks99Kareem Abdul-Jabbar
80%
Lakers98Magic Johnson
79%
Bulls93Dennis Rodman
78%
Nuggets97Nikola Jokic
78%
Trail Blazers94Damian Lillard
77%
Mavericks98Dirk Nowitzki
76%
Rockets97Moses Malone
76%
76ers97Moses Malone
76%
Pelicans94Anthony Davis
75%
Jazz97Karl Malone
75%
Pelicans92Baron Davis
74%
Pacers93Paul George
73%
Bulls95Derrick Rose
72%
Timberwolves98Kevin Garnett
71%
Celtics98Bill Russell
70%
Pelicans97Chris Paul
70%
Clippers93Chris Paul
70%
Nuggets95David Thompson
70%
Spurs96David Robinson
69%
Grizzlies89Ja Morant
69%
Pacers91Jermaine O'Neal
69%
Jazz97John Stockton
69%
Wizards90John Wall
69%
Raptors90Chris Bosh
68%
Nuggets95Carmelo Anthony
67%
Knicks92Carmelo Anthony
67%
Grizzlies92Pau Gasol
67%
Rockets98Hakeem Olajuwon
66%
Clippers90Blake Griffin
65%
Grizzlies93Marc Gasol
65%
Suns96Steve Nash
64%
Pistons95Isiah Thomas
63%
Hornets88Larry Johnson
63%
Knicks95Patrick Ewing
63%
Suns94Dennis Johnson
62%
Thunder91Dennis Johnson
62%
Bucks92Marques Johnson
62%
Raptors96Vince Carter
61%
Nets95Jason Kidd
56%
Nets97Julius Erving
55%
76ers94Julius Erving
55%
Timberwolves91Kevin Love
55%
Suns92Devin Booker
54%
Thunder94Ray Allen
54%
Rockets92Tracy McGrady
54%
Magic95Tracy McGrady
54%
Raptors89DeMar DeRozan
51%
Bucks96Oscar Robertson
51%
Kings97Oscar Robertson
51%
Rockets93Clyde Drexler
49%
Trail Blazers96Clyde Drexler
49%
Raptors89Kyle Lowry
48%
Hawks95Dominique Wilkins
47%
Magic94Penny Hardaway
47%
Heat89Tim Hardaway
47%
Timberwolves89Karl Anthony Towns
45%
Pelicans89Zion Williamson
45%
Thunder95Gary Payton
43%
Heat93Jimmy Butler
43%
Hawks95Bob Pettit
42%
Magic93Dwight Howard
42%
Hornets89Alonzo Mourning
41%
Heat94Alonzo Mourning
41%
Hornets89Kemba Walker
40%
Celtics96Bob Cousy
38%
Spurs94George Gervin
35%
Celtics96John Havlicek
35%
Grizzlies88Mike Conley
35%
Pistons93Chauncey Billups
33%
Lakers96Elgin Baylor
33%
Suns92Amar'e Stoudemire
32%
Hawks92Dikembe Mutombo
31%
Kings93Chris Webber
29%
Pistons93Joe Dumars
27%
Knicks97Walt Frazier
27%
Bulls93Artis Gilmore
26%
Clippers94Bob McAdoo
26%
Celtics95Kevin McHale
26%
Grizzlies89Zach Randolph
26%
Trail Blazers95Bill Walton
25%
Warriors95Rick Barry
25%
Nuggets93Alex English
24%
Jazz94Pete Maravich
24%
Warriors94Chris Mullin
23%
Knicks94Willis Reed
23%
Pistons93Grant Hill
22%
Wizards94Wes Unseld
22%
Wizards94Elvin Hayes
19%
Cavaliers93Mark Price
18%
Hornets89Eddie Jones
17%
Jazz89Mark Eaton
14%
Wizards93Gilbert Arenas
13%
Suns91Shawn Marion
13%
Jazz91Adrian Dantley
11%
Cavaliers90Brad Daugherty
11%
Trail Blazers91Brandon Roy
11%
Mavericks88Jim Jackson
11%
Bucks93Sidney Moncrief
11%
Cavaliers88Larry Nance
10%
Nets90Drazen Petrovic
9%
Kings94Mitch Richmond
9%
Pistons93Bob Lanier
8%
Hornets90Glen Rice
8%
Kings95Jerry Lucas
8%
Trail Blazers90Maurice Lucas
8%
Kings94Nate Archibald
8%
Timberwolves88Sam Cassell
8%
76ers94Dolph Schayes
7%
Mavericks89Derec Harper
6%
Wizards89Earl Monroe
6%
Hawks91Lou Hudson
6%
Clippers90Elton Brand
5%
Mavericks88Mark Aguirre
4%
Knicks92Richie Guerin
4%
Hawks91Cliff Hagan
3%
Nuggets92Fat Lever
3%
Pacers89Freddie Lewis
3%
Magic86Rashard Lewis
3%
Pacers89George McGinnis
2%
Pelicans89Jamal Mashburn
2%
Pacers93Mel Daniels
1%
Timberwolves88Tom Gugliotta
1%

Distribution des résultats

Percentile par nombre de réponses

% des personnes avec chaque résultat

Votre développement - résultats

Vous n’avez pas pris ce quiz